000
00344nam a2200145Ia 4500
003
SEM
008
141116s9999 xx 000 0 und d
080
_a
882-94 Շ-18
100
_a
Աճեմյան Գոհար
245
_a
Մարիետա Շահինյանի հետ
260
_a
Երևան
260
_c
1981
300
_a
46
942
_2
udc
_c
BK
999
_c
45665
_d
45665